000 00299nam a22001337a 4500
008 170714b xxu||||| |||| 00| 0 eng d
020 _a9781856976725
041 _aeng
080 _a038
100 _a24
101 _aFJA
245 _aILLUSTRATED POCKET DICTIONARY
_cCRAWLEY, A
942 _2udc
_cBK
999 _c20941
_d20941